000 00501nam a2200169 i 4500
001 111130
003 ES-MaACL
005 20230906185239.0
007 t|
008 061121s1952 sp r ||||1| spa d
100 1 _aOlagüe, Ignacio.
_986640
245 1 0 _aPour voir et pour comprendre l'Espagne /
_cIgnacio Olagüe.
260 _aMadrid :
_bMayfé,
_c1952.
300 _a238 p., [6] h. de map. :
_bil. ;
_c17 cm.
651 4 _aEspaña-
_xDescripción.
_98184
852 _aES-MaACL
_jD-5696
_bR.32582
999 _c111130
_d111130